| 000 | 00612nam a2200145Ia 4500 | ||
|---|---|---|---|
| 008 | 180921t xxu||||| ||||o00| 0 eng d | ||
| 041 | _aeng | ||
| 080 | _aThe Ordinances Of Ceylon 1943 | ||
| 245 | _aordinance No.19 of 1943. L.D.-O 47/39 An ordinance To Provide For The Establishment And Regulation of The Agricultural And Industrial Credit Corporation of Ceylon. [ Assented To By His Majesty The King : See Proclamation Dated July 23,1943,Published In Go | ||
| 300 | _a23 cm | ||
| 650 | _aAgricultural And Industrial Credit Corporation | ||
| 942 | _cBK | ||
| 999 |
_c49746 _d49746 |
||
| 003 | LK-CoDNM | ||
| 040 |
_aLK-CoDNM _dLK-CoDNM _eLK-CoDNM |
||